BIBLIOTECA PODER JUDICIAL
Portal Judicial TDF

La interseccionalidad como parámetro convencional en la calificación y cuantificación de los daños en casos de violencia intrafamiliar / (Registro nro. 5869)

000 -LEADER
fixed length control field 01255nab a22002417a 4500
003 - CONTROL NUMBER IDENTIFIER
control field OSt
005 - DATE AND TIME OF LATEST TRANSACTION
control field 20260109004241.0
008 - FIXED-LENGTH DATA ELEMENTS--GENERAL INFORMATION
fixed length control field 190514b xxu||||| |||| 00| 0 spa d
040 ## - CATALOGING SOURCE
Transcribing agency PJ
100 ## - MAIN ENTRY--PERSONAL NAME
9 (RLIN) 6752
Personal name Rodríguez de Aguilar, M. Isabel
245 13 - TITLE STATEMENT
Title La interseccionalidad como parámetro convencional en la calificación y cuantificación de los daños en casos de violencia intrafamiliar /
Statement of responsibility, etc M. Isabel Rodríguez de Aguilar.
300 ## - PHYSICAL DESCRIPTION
Extent p. 85-93
505 ## - FORMATTED CONTENTS NOTE
Formatted contents note Sumario: I. Palabras introductorias.— II. Síntesis de los hechos.— III. Principales puntos de análisis.— IV. Conclusiones.
505 ## - FORMATTED CONTENTS NOTE
Title Fallo comentado: CCiv. y Com., Necochea, 05/03/2025. - B. F. G. M. y otros c. B. P. M. s/ daños y perjuicios extracontractual<br/>(exc. autom./ estado).
505 ## - FORMATTED CONTENTS NOTE
Title Si te interesa el texto, comunicate a koha@justierradelfuego.gov.ar
650 #0 - SUBJECT ADDED ENTRY--TOPICAL TERM
9 (RLIN) 967
Topical term or geographic name as entry element DERECHO DE FAMILIA
650 #0 - SUBJECT ADDED ENTRY--TOPICAL TERM
9 (RLIN) 1134
Topical term or geographic name as entry element VIOLENCIA FAMILIAR
650 #0 - SUBJECT ADDED ENTRY--TOPICAL TERM
9 (RLIN) 4044
Topical term or geographic name as entry element PERSPECTIVA DE GÉNERO
650 #0 - SUBJECT ADDED ENTRY--TOPICAL TERM
9 (RLIN) 4097
Topical term or geographic name as entry element INTERES SUPERIOR DEL NIÑO
650 #0 - SUBJECT ADDED ENTRY--TOPICAL TERM
9 (RLIN) 1057
Topical term or geographic name as entry element JURISPRUDENCIA APLICABLE
773 0# - HOST ITEM ENTRY
Host Biblionumber 2844
Host Itemnumber 3222
Place, publisher, and date of publication Buenos Aires : AbeledoPerrot, 1989-
Title Derecho de familia. Revista Interdisciplinaria de doctrina y jurisprudencia. Agosto 2025-IV
International Standard Book Number 18511201
942 ## - ADDED ENTRY ELEMENTS (KOHA)
Source of classification or shelving scheme
Koha item type Analítica Artículo de Revista

No hay ítems disponibles.

12 de Octubre 789 Ushuaia - Tel:  54(02901)441571
Horario de Atención: 8.00 a 17.00 hs. 
bibliotecaush@justierradelfuego.gov.ar
koha@justierradelfuego.gov.ar
Seguinos en nuestras redes @bibliojustdf 

Con tecnología Koha